Tvorba bezbariérového prostredia : Základné princípy a súvislosti /

Na minha lista:
Detalhes bibliográficos
Outros Autores: Samová, Mária, 1946- (Editor), Rosová, Márie (Editor)
Formato: Livro
Idioma:eslovaco
Publicado em: Bratislava : Eurostav, 2008
Assuntos:
Tags: Adicionar Tag
Sem tags, seja o primeiro a adicionar uma tag!

MARC

LEADER 00000nam a22000003a 4500
001 stu161717
005 20230214131746.1
008 080418s2008------------------------slo-d
020 |a 978-80-89228-10-2 
040 |a STU  |b slo 
041 0 |a slo 
044 |a xo 
080 |a 624.02 
080 |a 725 
080 |a 728 
100 1 |a Samová, Mária,  |d 1946-  |4 edt  |u A8180  |9 50  |U FAD Fakulta architektúry  |T FA Ústav architektúry občianskych budov  |X 454  |U A8180  |Y 399  |7 A000000454 
245 1 |a Tvorba bezbariérového prostredia :  |b Základné princípy a súvislosti /  |c Zost.Samová, Mária a Rosová, Marie 
260 |a Bratislava :  |b Eurostav,  |c 2008 
300 |a 139 s 
650 7 |a bezbarierove byty-zariadenie  |2 stusub 
650 7 |a bezbariérová architektúra  |2 stusub 
700 1 |a Rosová, Márie  |4 edt  |9 50 
996 |b 284AU04116  |c A*6107 U  |l AAKNAR  |s A  |a 24  |w stu161717_0001 
996 |b 284AU04118  |c A*6109 U  |l AAKNAR  |s A  |a 24  |w stu161717_0002 
996 |b 284AU04115  |c A*6106 U  |l AAKNAR  |s A  |a 24  |w stu161717_0003 
996 |b 284AU04117  |c A*6108 U  |l AAKNAR  |s A  |a 24  |w stu161717_0004 
996 |b 284AU04119  |c A*6110 U  |l AAKNAR  |s A  |a 24  |w stu161717_0005 
996 |b 284AU04120  |c A*6111 U  |l AAKNAR  |s A  |a 24  |w stu161717_0006 
996 |b 284AU04121  |c A*6112 U  |l AAKNAR  |s A  |a 24  |w stu161717_0007 
996 |b 284AU04122  |c A*6113 U  |l AAKNAR  |s A  |a 24  |w stu161717_0008 
996 |b 284AU04123  |c A*6114 U  |l AAKNAR  |s A  |a 24  |w stu161717_0009 
996 |b 284AU04124  |c A*6115 U  |l AAKNAR  |s A  |a 24  |w stu161717_0010 
996 |b 284AU04125  |c A*6116 U  |l AAKNAR  |s A  |a 24  |w stu161717_0011 
996 |b 284AU04126  |c A*6117 U  |l AAKNAR  |s A  |a 24  |w stu161717_0012 
996 |b 284AU04127  |c A*6118 U  |l AAKNAR  |s A  |a 24  |w stu161717_0013 
996 |b 284AU04128  |c A*6119 U  |l AAKNAR  |s A  |a 24  |w stu161717_0014 
996 |b 284AU04129  |c A*6120 U  |l AAKNAR  |s A  |a 24  |w stu161717_0015 
996 |b 284AU04130  |c A*6121 U  |l AAKNAR  |s A  |a 24  |w stu161717_0016 
996 |b 284AU04131  |c A*6122 U  |l AAKNAR  |s A  |a 24  |w stu161717_0017 
996 |b 284AU04132  |c A*6123 U  |l AAKNAR  |s A  |a 24  |w stu161717_0018 
996 |b 284AU04133  |c A*6124 U  |l AAKNAR  |s A  |a 24  |w stu161717_0019 
996 |b 284V032818  |c V*50408/O-22518b  |l VVS  |s A  |a 24  |w stu161717_0020 
996 |b 284V032817  |c V*50407/O-22518a  |l VVS  |s A  |a 24  |w stu161717_0021 
996 |b 284V032816  |c V*50406/O-22518  |l VVT  |s A  |a 24  |w stu161717_0022 
996 |b 284AU03987  |c A*5931  |l AA8180  |s P  |a 0  |w stu161717_0023 
996 |b 284AU03988  |c A*5932  |l AA8180  |s P  |a 0  |w stu161717_0024 
996 |b 284AU03905  |c A*5823 U  |l AAKNAR  |s A  |a 24  |w stu161717_0025 
996 |b 284AU03906  |c A*5824 U  |l AAKNST  |s P  |a 0  |w stu161717_0026 
996 |b 284AU03900  |c A*5818 U  |l AAKNAR  |s A  |a 24  |w stu161717_0027 
996 |b 284AU03901  |c A*5819 U  |l AAKNAR  |s A  |a 24  |w stu161717_0028 
996 |b 284AU03902  |c A*5820 U  |l AAKNAR  |s A  |a 24  |w stu161717_0029 
996 |b 284AU03903  |c A*5821 U  |l AAKNAR  |s A  |a 24  |w stu161717_0030 
996 |b 284AU05164  |c A*5822 U  |l AAKNAR  |s A  |a 24  |w stu161717_0031 
996 |b 284AU03897  |c A*5815 U  |l AAKNAR  |s A  |a 24  |w stu161717_0032 
996 |b 284AU03898  |c A*5816 U  |l AAKNAR  |s A  |a 24  |w stu161717_0033 
996 |b 284AU03899  |c A*5817 U  |l AAKNAR  |s A  |a 24  |w stu161717_0034 
996 |b 284V036794  |c V* 52187/O-23355  |l VVS  |s A  |a 24  |w stu161717_0035